Music Quiz

Random Music or Song Quiz

50 Songs By: The Decemberists (Clips) Quiz Stats

Quiz not verified by Sporcle

Challenge
Share
Tweet
Score 0/50 Timer 20:00
0 Plays Today
Time Song % Correct
0.00O Valencia!
96%
0.14The Mariner's Revenge Song
90%
0.49Sons And Daughters
88%
0.56The Sporting Life
87%
0.21Yankee Bayonet
82%
0.35Eli, The Barrow Boy
82%
1.03July, July
82%
3.44We Both Go Down Together
82%
2.13The Infanta
81%
4.1216 Military Wives
81%
0.28Rox In The Box
80%
2.34The Perfect Crime #2
78%
1.17Billy Liar
77%
4.40The Engine Driver
77%
0.42Down By The Water
75%
2.20Here I Dreamt I Was An Architect
74%
2.06The Hazards Of Love 1
73%
3.09On The Bus Mall
73%
1.45January Hymn
72%
1.10Make You Better
72%
0.07Don't Carry It All
70%
1.31Shankill Butchers
70%
4.19Leslie Anne Levine
68%
1.52The Wanting Comes In Waves
67%
1.59This Is Why We Fight
67%
Time Song % Correct
3.02Red Right Ankle
67%
3.30Summersong
67%
4.54The Crane Wife 2
67%
5.29Bagman's Gambit
63%
1.38California One
62%
3.51Chimbley Sweep
62%
4.26Isn't It A Lovely Night
61%
3.16Los Angeles, I'm Yours
59%
2.48Odalisque
58%
4.47Annan Water
57%
5.01A Cautionary Song
57%
5.15June Hymn
57%
5.08Calamity Song
55%
5.36Won't Want For Love
55%
4.05Rise To Me
54%
3.37Dear Avery
52%
5.22The Legionnaire's Lament
49%
4.33The Bachelor And The Bride
48%
2.41All Arise
47%
2.55Abduction Of Margaret
46%
3.23Cocoon
46%
2.27Shanty For The Arethusa
44%
3.58A Bower Scene
43%
5.43Song For Myla Goldberg
36%
1.24Clementine
34%

You're not logged in!

Compare scores with friends on all Sporcle quizzes.
Sign Up with Email
OR
Log In

You Might Also Like...

Show Comments

Extras

Top Quizzes Today


Score Distribution

Your Account Isn't Verified!

In order to create a playlist on Sporcle, you need to verify the email address you used during registration. Go to your Sporcle Settings to finish the process.